शेक्सपियर: (Record no. 214015)
[ view plain ]
| 000 -LEADER | |
|---|---|
| fixed length control field | 00811nam a22001937a 4500 |
| 005 - DATE AND TIME OF LATEST TRANSACTION | |
| control field | 20260107143118.0 |
| 010 ## - LCCN (DPL NO) | |
| LC control number | HIN-130720 |
| 020 ## - INTERNATIONAL STANDARD BOOK NUMBER | |
| International Standard Book Number | 9788119141586 |
| Terms of availability | 300.00 |
| 035 ## - SYSTEM CONTROL NUMBER | |
| System control number | HN-103066 |
| 037 ## - SOURCE OF ACQUISITION | |
| Source of stock number/acquisition | DBAD |
| 082 ## - DEWEY DECIMAL CLASSIFICATION NUMBER | |
| Classification number | 822 |
| Edition number | 1 |
| 245 ## - TITLE STATEMENT | |
| Title | शेक्सपियर: |
| Remainder of title | निष्फल प्रेम/ |
| Statement of responsibility, etc | रंगेय राघव द्वारा अनुवादित |
| 250 ## - EDITION STATEMENT | |
| Edition statement | 1 |
| 260 ## - PUBLICATION, DISTRIBUTION, ETC. (IMPRINT) | |
| Place of publication, distribution, etc | दिल्ली |
| Name of publisher, distributor, etc | अनन्य प्रकाशन |
| Date of publication, distribution, etc | 2024 |
| 270 ## - ADDRESS | |
| Address | ई-17, पंचशील गार्डन, नवीन शाहदरा |
| City | दिल्ली |
| Postal code | 110032 |
| 300 ## - PHYSICAL DESCRIPTION | |
| Extent | 96पृ. |
| Dimensions | 22 सेमी (सजिल्द) |
| 700 ## - ADDED ENTRY--PERSONAL NAME | |
| Personal name | राघव, रंगेय |
| Relator term | अनुवाद |
| 9 (RLIN) | 86214 |
| 942 ## - ADDED ENTRY ELEMENTS (KOHA) | |
| Institution code [OBSOLETE] | dpl |
| Item type | Hindi Books |
| Source of classification or shelving scheme | Dewey Decimal Classification |
| Classification part | 822 |
| Call number suffix | निष्फल |
| Withdrawn status | Lost status | Not for loan | Collection code | Home library | Current library | Date acquired | Source of acquisition | Cost, normal purchase price | Full call number | Barcode | Copy number | Cost, replacement price | Koha item type |
|---|---|---|---|---|---|---|---|---|---|---|---|---|---|
| Non-fiction | Bawana | Bawana | 07/01/2026 | Delivery of Books Act Division | 300.00 | 822 निष्फल | HN-103066 | 1 | 300.00 | Hindi Books |
